00553 a2200157 4500020001800000020001800018082001200036100002100048245012000069260004300189300002100232490005300253700001700306700001900323830005300342 a9781584885856 a978158488585604a620.1051 aSofonea, Mircea.10aAnalysis and approximation of contact problems with adhesion or damage /cMircea Sofonea, Weimin Han, Meir Shillor. a[S.l.] :bChapman and Hall/CRC,c2005. a220 p. ;c24 cm.1 aChapman & hall/crc pure and applied mathematics.1 aHan, Weimin.1 aShillor, Meir. 0aChapman & hall/crc pure and applied mathematics.